| 000 -LEADER |
| fixed length control field |
02654cam a2200385 a 4500 |
| 001 - CONTROL NUMBER |
| control field |
16731351 |
| 003 - CONTROL NUMBER IDENTIFIER |
| control field |
NUST |
| 005 - DATE AND TIME OF LATEST TRANSACTION |
| control field |
20191011122335.0 |
| 008 - FIXED-LENGTH DATA ELEMENTS--GENERAL INFORMATION |
| fixed length control field |
110412s2011 enka b 000 0 eng d |
| 010 ## - LIBRARY OF CONGRESS CONTROL NUMBER |
| LC control number |
2011286037 |
| 015 ## - NATIONAL BIBLIOGRAPHY NUMBER |
| National bibliography number |
GBB075215 |
| Source |
bnb |
| 016 7# - NATIONAL BIBLIOGRAPHIC AGENCY CONTROL NUMBER |
| Record control number |
015583365 |
| Source |
Uk |
| 020 ## - INTERNATIONAL STANDARD BOOK NUMBER |
| International Standard Book Number |
9780415593342 (hbk.) |
| 020 ## - INTERNATIONAL STANDARD BOOK NUMBER |
| International Standard Book Number |
0415593344 (hbk.) |
| 035 ## - SYSTEM CONTROL NUMBER |
| System control number |
(OCoLC)ocn700137463 |
| 038 ## - RECORD CONTENT LICENSOR |
| Staff Name |
MSOHAIL |
| 040 ## - CATALOGING SOURCE |
| Original cataloging agency |
QCL |
| Language of cataloging |
eng |
| Transcribing agency |
QCL |
| Modifying agency |
UKM |
| -- |
YDXCP |
| -- |
ORU |
| -- |
UOH |
| -- |
DLC |
| 042 ## - AUTHENTICATION CODE |
| Authentication code |
lccopycat |
| 050 00 - LIBRARY OF CONGRESS CALL NUMBER |
| Classification number |
HT165.5 |
| Item number |
.D5 2011 |
| 082 04 - DEWEY DECIMAL CLASSIFICATION NUMBER |
| Classification number |
307.1216 |
| Edition number |
22 |
| 245 00 - TITLE STATEMENT |
| Title |
Dialogues in urban and regional planning. |
| Number of part/section of a work |
4 / |
| Statement of responsibility, etc. |
edited by Thomas L. Harper ... [et al.]. |
| 260 ## - PUBLICATION, DISTRIBUTION, ETC. |
| Place of publication, distribution, etc. |
London : |
| Name of publisher, distributor, etc. |
Routledge, |
| Date of publication, distribution, etc. |
2011. |
| 300 ## - PHYSICAL DESCRIPTION |
| Extent |
xx, 308 p. : |
| Other physical details |
ill. ; |
| Dimensions |
24 cm. |
| 500 ## - GENERAL NOTE |
| General note |
Published in association with the Global Planning Education Association Network. |
| 504 ## - BIBLIOGRAPHY, ETC. NOTE |
| Bibliography, etc. note |
Includes bibliographical references and index. |
| 505 0# - FORMATTED CONTENTS NOTE |
| Formatted contents note |
Introduction : rising to the global challenges / Thomas L. Harper ... [et al.] -- Hanging out with "trouble causers" : planning and governance in urban Zimbabwe / Amin Y. Kamete -- Towards a cosmopolitan urbanism : from theory to practice / Leonie Sandercock -- For the equitable city yet to come / Tanja Winkler -- Shocking the suburbs : urban location, homeownership and oil vulnerability in the Australian city / Jago Dodson and Neil Sipe -- The re-enclosure of green space in postmodern urbanism / Michael Hebbert -- Safe urban spaces : security issues for city design / Maria Julieta Nunes de Souza and Rose Compans -- Public space and conservation of a historic living city : Melaka, Malaysia / Samira Ramezani, Zul Azri Bin Abd Aziz, and Syed Z.A. Idid -- New urbanism, social equity, and the challenge of post-Katrina rebuilding in Mississippi / Emily Talen -- Immature take-offs : urbanization, industrialization and development in twentieth-century Latin America / Arturo Almandoz -- Policy and planning for large-infrastructure projects : problems, causes, and curses / Bent Flyvbjerg -- Socio-political analysis of French transport policies : the state of practice / Vincent Kaufmann ... [et al.] -- Institutional impediments to planning professionalism in Victoria, Australia / Alan March. |
| 650 #0 - SUBJECT ADDED ENTRY--TOPICAL TERM |
| Topical term or geographic name entry element |
City planning |
| Form subdivision |
Case studies. |
| 9 (RLIN) |
23543 |
| 650 #0 - SUBJECT ADDED ENTRY--TOPICAL TERM |
| Topical term or geographic name entry element |
Regional planning |
| Form subdivision |
Case studies. |
| 9 (RLIN) |
23544 |
| 700 1# - ADDED ENTRY--PERSONAL NAME |
| Personal name |
Harper, Thomas L. |
| 9 (RLIN) |
23545 |
| 710 2# - ADDED ENTRY--CORPORATE NAME |
| Corporate name or jurisdiction name as entry element |
Global Planning Education Association Network. |
| 9 (RLIN) |
23546 |
| 906 ## - LOCAL DATA ELEMENT F, LDF (RLIN) |
| a |
7 |
| b |
cbc |
| c |
copycat |
| d |
2 |
| e |
ncip |
| f |
20 |
| g |
y-gencatlg |
| 942 ## - ADDED ENTRY ELEMENTS (KOHA) |
| Source of classification or shelving scheme |
|
| Koha item type |
Book |